000 01089nam a22001937a 4500
003 JO-AjAnu
005 20240706085402.0
008 240706b jo ||||| |||| 00| 0 ara d
040 _aJO-AjAnu
_cJO-AjAnu
041 _aARA
100 1 _aعباس، صدام حسين ضيف الله
_965988
_eمعد
245 0 _aاثر الذكاء الاصطناعي على ادارة المخاطر في البنوك الإسلامية الأردنية = The Impact of Artificial Intelligence on Risk Management in Jordanian Islamic Banks /
_cاعداد صدام حسين ضيف الله عباس ؛ إشراف محي الدين يعقوب ابو الهول
260 _c2024
300 _a97 ورقة
500 _a رسالة جامعية (ماجستير) .- جامعة عجلون الوطنية (عجلون، الأردن)، كلية الأعمال ، تخصص المصارف الاسلامية 2024
650 7 0 _aالبنوك الاسلامية - ادارة المخاطر
_965989
700 1 _aابو الهول، محي الدين يعقوب
_964950
_eمشرف
942 _2lcc
_cTHS
_n0
999 _c33550
_d33550